000 01299cam a2200361 4500
001 4092
005 20230404125950.0
008 060907s2003 sp spa
020 _a8483069679
035 _9funglode4122
041 _aspa
050 1 4 _a103 F 2651
_bG834p 2003
100 1 _aGret, Marion,
_d1968-
245 1 0 _aPorto Alegre :
_bla esperanza de otra democracia /
_cMarion Gret, Yves Sintomer ; traducción de Pedro Tena.
260 _aBarcelona :
_bDebate,
_c2003
300 _a174 p. ;
_c22 cm.
500 _aTítulo original: Porto Alegre : l'espoir d'une autre démocratie.
440 0 _aTemas de debate
650 0 _aPolitical participation
_zBrazil
_zPorto Alegre (Rio Grande do Sul)
651 0 _aPorto Alegre (Rio Grande do Sul, Brazil)
_xPolitics and government
_xCitizen participation.
651 0 _aPorto Alegre (Rio Grande do Sul, Brazil)
_xEconomic conditions.
651 4 _aPorto Alegre (Brasil)
_xPolítica y gobierno.
651 4 _aPorto Alegre (Brasil)
_xCondiciones sociales.
650 4 _aGlobalización.
650 4 _aCambio social.
650 4 _aSociología política.
650 4 _aMovimientos sociales.
650 4 _aDemocracia.
650 4 _aCultura ciudadana.
700 1 _aSintomer, Yves
700 1 _aTena, Pedro,
_etr.
942 _2lcc
_cbk
999 _c8238
_d8238